Southville International School and Colleges
Your cart is empty.
  • Cart
  • Lists
    Public lists Eva Luna New books Lux_list list_1
    Your lists Log in to create your own lists
  • Log in to your account
  • Your cookies
  • Search history
Southville International School and Colleges
  • Advanced search
  • Recent comments
  • Most popular
  • Libraries

Log in to your account

Log in with GOOGLE


If you do not have an external account, but do have a local account, you can still log in:

  1. Home
  2. MARC view: Daniel and Lea the lioness /
Normal view MARC view ISBD view

Daniel and Lea the lioness / (Record no. 111229)

[ view plain ]
MARC details
000 -LEADER
fixed length control field 00459nam a2200181 a 4500
001 - CONTROL NUMBER
control field 0425
005 - DATE AND TIME OF LATEST TRANSACTION
control field 20140414131911.0
008 - FIXED-LENGTH DATA ELEMENTS--GENERAL INFORMATION
fixed length control field 040106s19uu xx 00 eng d
020 ## - INTERNATIONAL STANDARD BOOK NUMBER
International Standard Book Number 1-56987-796-3
050 ## - LIBRARY OF CONGRESS CALL NUMBER
Classification number ER
Item number D19 1996
100 ## - MAIN ENTRY--PERSONAL NAME
Personal name Rector, Andy
245 ## - TITLE STATEMENT
Title Daniel and Lea the lioness /
Statement of responsibility, etc Andy Rector.
260 ## - PUBLICATION, DISTRIBUTION, ETC. (IMPRINT)
Name of publisher, distributor, etc Landoll Book,
Date of publication, distribution, etc 1996.
300 ## - PHYSICAL DESCRIPTION
Extent p. ; cm.
650 ## - SUBJECT ADDED ENTRY--TOPICAL TERM
Topical term or geographic name as entry element Bible stories - O.T.
650 ## - SUBJECT ADDED ENTRY--TOPICAL TERM
Topical term or geographic name as entry element Children stories.
Holdings
Withdrawn status Lost status Damaged status Use restrictions Home library Current library Shelving location Date acquired Source of acquisition Total Checkouts Full call number Barcode Date last seen Price effective from Koha item type
        Munich Library Munich Library Easy Reading Section 01/06/2004     ER D19 1996 M1830 04/14/2014 04/14/2014 Books

Daniel and Lea the lioness /

APA

Rector A., . (1996). Daniel and Lea the lioness. : Landoll Book.

Chicago

Rector Andy, . 1996. Daniel and Lea the lioness. : Landoll Book.

Harvard

Rector A., . (1996). Daniel and Lea the lioness. : Landoll Book.

MLA

Rector Andy, . Daniel and Lea the lioness. : Landoll Book. 1996.

  • Place hold
  • Print
  • Cite
  • Add to your cart (remove)
  • Save record
    BIBTEX Dublin Core MARCXML MARC (non-Unicode/MARC-8) MARC (Unicode/UTF-8) MARC (Unicode/UTF-8, Standard) MODS (XML) RIS
  • More searches
    Search for this title in:
    Other Libraries (WorldCat) Other Databases (Google Scholar) Online Stores (Bookfinder.com) Open Library (openlibrary.org)

Exporting to Dublin Core...

SOUTHVILLE LIBRARY

Southville International School and Colleges Library

1281 Tropical Ave. Cor. Luxembourg St., BF Homes International, Las Pinas City

Tel. No. 8256374 / 252358 Loc. 117/146

Powered by Koha